00791naa a2200193 i 45000010005000000030009000050050017000140080039000310400021000700800015000910800012001061000117001182450067002356500041003026500019003437730207003629420013005699990015005829924KOSZ 00520180427082849.0120618s2012 pl f f |000 p pol cBPKdKOSZ 005/EG a005:004.03 a(075.8)1 aNIEKRASZ, Barbara.bPolitechnika Koszalińska - Wydział Ekonomii i Zarządzania,cKatedra Metod Ilościowych10aPraca w środowisku graficznym Windows 7 /cBarbara Niekrasz. 0aSystemy informatyczne zarządzania. 0aProgramowanie. iW :tInformatyka dla kadry kierowniczej przedsiębiorstwa : podręcznik akademicki / pod red. Eugeniusza Michalskiego. -dKoszalin : Wydaw. Uczelniane Politechniki Koszalińskiej, 2012. -gs. 101-138 cROZ2UKD c9924d9924